History of eastern Arabia, 1750-1800 : (Record no. 25117)
[ view plain ]
| 000 -LEADER | |
|---|---|
| fixed length control field | 00866cam a2200253 4500 |
| 001 - CONTROL NUMBER | |
| control field | 25117 |
| 003 - CONTROL NUMBER IDENTIFIER | |
| rucl marc code | BD-RjUL |
| 005 - DATE AND TIME OF LATEST TRANSACTION | |
| control field | 20211209050831.0 |
| 008 - FIXED-LENGTH DATA ELEMENTS--GENERAL INFORMATION | |
| fixed length control field | 140316s1965 le abc b 001 0 eng |
| 035 ## - SYSTEM CONTROL NUMBER | |
| System control number | (BD-RjUL)25186 |
| 040 ## - CATALOGING SOURCE | |
| Original cataloging agency | DLC |
| Language of cataloging | eng |
| Transcribing agency | ODaWU |
| Modifying agency | OCoLC |
| -- | DLC |
| -- | BD-RjUL |
| 041 ## - LANGUAGE CODE | |
| Language code of text/sound track or separate title | eng |
| 082 04 - DEWEY DECIMAL CLASSIFICATION NUMBER | |
| Classification number | 953.6 |
| Edition number | 22 |
| Author mark and year | ABH |
| 100 1# - MAIN ENTRY--PERSONAL NAME | |
| Personal name | Abu-Hakima, Ahmad Mustafa, |
| Dates associated with a name | 1932- |
| 9 (RLIN) | 77290 |
| 245 10 - TITLE STATEMENT | |
| Title | History of eastern Arabia, 1750-1800 : |
| Remainder of title | the rise and development of Bahrain and Kuwait / |
| Statement of responsibility, etc. | Ahmad Mustafa,Abu-Hakima |
| 250 ## - EDITION STATEMENT | |
| Edition statement | 1st ed. |
| 260 ## - PUBLICATION, DISTRIBUTION, ETC. (IMPRINT) | |
| Place of publication, distribution, etc. | Beirut, Lebanon: |
| Name of publisher, distributor, etc. | Khayats |
| Date of publication, distribution, etc. | 1965. |
| 300 ## - PHYSICAL DESCRIPTION | |
| Pagination | xix, 213 p., [6] p. of leaves : |
| Illustrations | geneal. tables, maps, port. ; |
| Size | 23 cm. |
| 504 ## - BIBLIOGRAPHY, ETC. NOTE | |
| Bibliography, etc | Includes bibliographical references (p. 201-208) and index. |
| 651 #0 - SUBJECT ADDED ENTRY--GEOGRAPHIC NAME | |
| Geographic name | Persian Gulf States |
| General subdivision | History. |
| 9 (RLIN) | 77291 |
| 942 ## - ADDED ENTRY ELEMENTS (KOHA) | |
| Source of classification or shelving scheme | Dewey Decimal Classification |
| Koha item type | Books |
| Lost status | Source of classification or shelving scheme | Damaged status | Not for loan | Collection code | Permanent Location | Current Location | Shelving location | Date acquired | Source of acquisition | Cost, normal purchase price | Total Checkouts | Full call number | Date last seen | Copy number | Koha item type |
|---|---|---|---|---|---|---|---|---|---|---|---|---|---|---|---|
| Dewey Decimal Classification | Added to bundle | Non-fiction | Central Library, University of Rajshahi | Central Library, University of Rajshahi | Reading Room | 28/10/1970 | sweets & zeithinger | 76.00 | 953.6 ABH 1965 | 16/03/2014 | C-1 | Books |